| 000 | 00617nam a2200217Ia 4500 | ||
|---|---|---|---|
| 003 | BUBTL | ||
| 008 | 151213s9999 xx 000 0 und d | ||
| 082 | _a658.3/CUT | ||
| 100 |
_aCuming, Maurice W. _93111 |
||
| 245 |
_aThe Theory of Practice OF Personal Management _cMaurice W. Cuming |
||
| 250 | _a4th | ||
| 260 |
_aLondon _bWilliam Heinemann _c1980 |
||
| 300 |
_a399p . : _bill . ; 22cm. |
||
| 500 | _aIncludes Index | ||
| 650 |
_aManagement _93112 |
||
| 650 |
_aManagement _93112 |
||
| 700 |
_aMaurice W. Cuming _93113 |
||
| 856 |
_k0 _l0 _yDownload |
||
| 942 |
_2ddc _cBK |
||
| 999 |
_c1741 _d1741 |
||